00230nam a2200085Ia 4500008004100000100001600041245003100057260004700088260000900135170620s9999 xx 000 0 und d aShankar- T. 0aMethods of Teaching Civics bNew Delhi- Crescent Publishing Corporation c2007